000 00235nam a2200085Ia 4500
245 0 _aExploration in the Renaissance
100 _a ELLIOTT, Lynne New York, 2009
_978413
942 _cBK
008 210817s9999 xx 000 0 und d
999 _c270919
_d270918